MDQL
is popping MORE tags! Check the
thread
!
Quizzes
Events
Quiz Creation
Community
Videos
Private Events
Remove Ads
Sign In
Join for FREE
Feedback
Dark Mode
Quiz Categories
Sports
Geography
Music
Movies
Television
Just For Fun
Miscellaneous
History
Literature
Language
Science
Gaming
Entertainment
Religion
Holiday
For Kids
Quiz Lab
Recent
Popular Today
Quiz Kudos Today
Editor Picks
Curator Picks
Quizzes by...
Day
Popularity
Type
Ratings
Length
Year
Community
Subscriptions
Recent Discussions
Orange Saloon
Badges
Playlists
Quests
Create
Leaderboards
Showdown
Live 5
Trivia Bingo
Activity
Puzzle Library
Sporcle Events
Private Events
Virtual Trivia
Globe League
Become a Host
Pub Owners
SporcleCon
Opinionation
Our Games
Videos
Blog
Mobile Apps
Partnerships
Remove Ads and Go Orange
Feedback
Sports
Athletes
MLB
NBA
NHL
NFL
Soccer
Sports Teams
WWE
NCAA
Football
Premier League
Basketball
Baseball
Hockey
Golf
Tennis
Cricket
Rugby
Auto Racing
Olympics
World Cup
Sports
Athletes
MLB
NBA
NHL
NFL
Soccer
Sports Teams
WWE
NCAA
Football
Premier League
Basketball
Baseball
Hockey
Golf
Tennis
Cricket
Rugby
Auto Racing
Olympics
World Cup
Random Quiz
Search Sporcle
×
Quiz Lab
Quiz Lab
Sports
Football
Type in answers that appear in a list
Type in answers that appear in a list
Classic
Best Score? Go Orange.
Successful Hail Marys Stats
Can you name the Quarterback/Receiver combo to complete a Hail Mary?
By
BostonStorm1
10m
40 Questions
44 Plays
44 Plays
44 Plays
Comments
Comments
Give Quiz Kudos
Give Quiz Kudos
-
- Ratings
hide this ad
Replay
Link that replays current quiz
Next Quiz
Link to next quiz in quiz playlist
You Got
0%
They Got
Avg Score
45%
Avg Friend Score
Upgrade to see
Score Distribution
Jump to the score distribution portion of the page
Score
0/40
Timer
10:00
0
Plays Today
Team (Year)
Quarterback/Receiver
% Correct
New York Giants (2012)
Eli Manning
97.7%
New Orleans Saints (2006)
Drew Brees
93.2%
Dallas Cowboys (1991)
Troy Aikman
88.6%
Arizona Cardinals (2007)
Kurt Warner
88.6%
Jacksonville Jaguars (1996)
Jimmy Smith
86.4%
San Francisco 49ers (1987)
Joe Montana
84.1%
Arizona Cardinals (2007)
Larry Fitzgerald
84.1%
Dallas Cowboys (1975)
Roger Staubach
81.8%
Jacksonville Jaguars (1996)
Mark Brunell
77.3%
Cleveland Browns (1999)
Tim Couch
77.3%
Cleveland Browns (2002)
Tim Couch
77.3%
Jacksonville Jaguars (2010)
David Garrard
77.3%
New York Giants (2012)
Hakeem Nicks
72.7%
San Francisco 49ers (1987)
Jerry Rice
63.6%
Atlanta Falcons (1983)
Billy 'White Shoes' Johnson
59.1%
Cleveland Browns (1999)
Kevin Johnson
59.1%
Jacksonville Jaguars (2010)
Mike Thomas
50%
Kansas City Chiefs (2011)
Tyler Palko
40.9%
Atlanta Falcons (1978)
Steve Bartkowski
36.4%
Atlanta Falcons (1983)
Steve Bartkowski
36.4%
Team (Year)
Quarterback/Receiver
% Correct
Dallas Cowboys (1975)
Drew Pearson
36.4%
Minnesota Vikings (1980)
Tommy Kramer
34.1%
Kansas City Chiefs (2011)
Dexter McCluster
34.1%
Buffalo Bills (1981)
Joe Ferguson
31.8%
New Orleans Saints (1984)
Dave Wilson
29.5%
Minnesota Vikings (1987)
Wade Wilson
29.5%
Atlanta Falcons (1978)
Alfred Jackson
25%
Minnesota Vikings (1980)
Ahmad Rashad
25%
Minnesota Vikings (1987)
Hassan Jones
25%
Dallas Cowboys (1991)
Alvin Harper
25%
New York Giants (1999)
Kent Graham
22.7%
Cleveland Browns (2002)
Quincy Morgan
13.6%
Chicago Bears (2001)
Shane Matthews
11.4%
Chicago Bears (2001)
James Allen
11.4%
Atlanta Falcons (1991)
Michael Haynes
9.1%
Atlanta Falcons (1991)
Billy Joe Tolliver
6.8%
New York Giants (1999)
Joe Jurevicius
6.8%
New Orleans Saints (2006)
Terrance Cooper
4.5%
Buffalo Bills (1981)
Roland Hooks
2.3%
New Orleans Saints (1984)
Hoby Brenner
2.3%
Quiz Playlist
Details
Report
Send in Message
Add To Playlist
Classic:
Type in answers that appear in a list
Quiz Source
Last Updated: Feb 16, 2017
Quiz Scoreboard
CHALLENGE
Sign Up to Join the Scoreboard
Show All
Scores
Hide
Comments
May contain spoilers
Recently Published
Find the 'City' Movie
by crazypaving
Movies
60s
5x2 Blitz: Bands
by SL_Kpop136
Music
30s
Colored Red Africa Blitz
by spor1
Geography
30s
More to Explore
Quiz From the Vault
Featured Blog Post
14 Easter Pick-up Lines to Find Eggs With
hide this ad
You Might Also Like...
Tags
Football Quiz
Hail Mary
Today's Top Quizzes in Sports
Browse Sports
hide this ad
Today's Top Quizzes in Football
Browse Football
Top Contributed Quizzes in Sports
1
Players with Multiple 50 Home Run Seasons
2
Who Needs Fielders?
3
Criteria MLB: Left Handed Sluggers
4
MLB Players with Two .350 Batting Average Seasons
5
Who Hit More Homers?
6
2020 F1 Drivers Logic Puzzle
7
NBA Teammate Connections
8
Premier League Clubs since 2000 (minefield)
9
MLB Teams by First Game
10
Top 10 NHL Goal Scorers of All Time
Explore More
Trending Topics
NBA
Marvel
Harry Potter
Disney
Crossword
Anime
Kpop
WWE
Puzzle
NFL
The Office
Pokémon
Song
Country
Soccer
hide this ad
More By:
BostonStorm1
Quiz
Plays
Rating
Category
Featured
Created
Baseball Teams by Urban Dictionary
5,105
3.20
Sports
Feb 13, 2011
Basketball Teams by Urban Dictionary
4,190
3.45
Sports
Feb 14, 2011
3000 hits for 1 team (in order)
1,335
3.61
Sports
Jul 9, 2011
NFL Any Era Team
739
2.60
Sports
Jan 28, 2012
Sports teams with a color in their name
636
3.20
Sports
Jan 8, 2011
Go to Creator's Profile
Score Distribution
Quiz Creator Spotlight
BostonStorm1
Follow
Send a Message
Quizzes Created
-
Created Quiz Play Count
-
More By This Creator
Popular Quizzes Today
1
5x2 Blitz: Bands
2
Find the 'City' Movie
3
Colored Red Africa Blitz
4
Find the US States - No Outlines Minefield
5
The Countries of the World
6
Find the US States
7
9x9 Crossword: Cartoon Network
8
US States
More Sports Quizzes
MLB Pitching Strikeout Leaders (1940s)
Quiz Lab
Trending Quizzes
Colored Red Africa Blitz II
Colored Red Europe Blitz I
Christmas Pick: Judaism
Colored Red Africa Blitz III
Colored Red Europe Blitz II
Recently Updated
Champions League XIs: Real Madrid
pecheneg
Largest US Cities 1790-2010
pecheneg
Rides in Walt Disney World
pecheneg
Most Oscar Losses (Acting)
pecheneg
Beyoncé Albums
pecheneg
Leaping Animals
pecheneg
Reality TV Shows (A-Z)
bhenderson79
Rickey Henderson's Hall of Fame Teammates
pecheneg
Champions League XIs: Arsenal
pecheneg
Quick Pick: Celebrities in WWE's Hall of Fame
aduchscher
Trending Topics
Marvel
NBA
Anime
Disney
Kpop
Crossword
Harry Potter
Puzzle
Pokémon
Country
NFL
The Office
Soccer
Song
WWE
Your Account Isn't Verified!
In order to create a playlist on Sporcle, you need to verify the email address you used during registration. Go to your
Sporcle Settings
to finish the process.
Report this User
Report this user for behavior that violates our
Community Guidelines
.
Details:
Send Report
Go to the Sporcle.com Mobile Site →
Comments